Catálogo

La hija de Moctezuma : (Registro nro. 60937)

Detalles MARC
000 -LEADER
fixed length control field 01034cam a2200289 i 4500
001 - CONTROL NUMBER
control field 60937
003 - CONTROL NUMBER IDENTIFIER
control field Mx-PuUPA
005 - DATE AND TIME OF LATEST TRANSACTION
control field 20241128092016.0
008 - FIXED-LENGTH DATA ELEMENTS--GENERAL INFORMATION
fixed length control field 140415s1957 mx gr 000 0 spa d
040 ## - CATALOGING SOURCE
Original cataloging agency Mx-PuUPA
Language of cataloging spa
Transcribing agency Mx-PuUPA
Modifying agency Mx-PuUPA
Description conventions rda
041 0# - LANGUAGE CODE
Language code of text/sound track or separate title spa
100 1# - MAIN ENTRY--PERSONAL NAME
Personal name Haggard, H. Rider,
Fuller form of name (Henry Rider),
Dates associated with a name 1856-1925
9 (RLIN) 16507
Relator term autor
245 13 - TITLE STATEMENT
Title La hija de Moctezuma :
Remainder of title novela escrita en inglés /
Statement of responsibility, etc. por H. Rider Haggard ; versión española de Carlos Gutiérrez Cavada.
250 ## - EDITION STATEMENT
Edition statement Segunda edición
264 #1 - PRODUCTION, PUBLICATION, DISTRIBUTION, MANUFACTURE, AND COPYRIGHT NOTICE
Place of production, publication, distribution, manufacture México, D. F. :
Name of producer, publisher, distributor, manufacturer Editorial Diana,
Date of production, publication, distribution, manufacture, or copyright notice 1957
300 ## - PHYSICAL DESCRIPTION
Extent 396 páginas ;
Dimensions 20 cm
336 ## - CONTENT TYPE
Content type term texto
Fuente rdacontent
Content type code txt
337 ## - MEDIA TYPE
Media type term sin medio
Source rdamedia
Media type code n
338 ## - CARRIER TYPE
Carrier type term volumen
Source rdacarrier
Carrier type code nc
650 #7 - SUBJECT ADDED ENTRY--TOPICAL TERM
Source of heading or term armarc
Topical term or geographic name entry element Novela
Geographic subdivision Gran Bretaña
Form subdivision
651 #4 - SUBJECT ADDED ENTRY--GEOGRAPHIC NAME
Geographic name México
General subdivision Historia
-- Conquista
Form subdivision Novela
Chronological subdivision 1519-1540
655 #7 - INDEX TERM--GENRE/FORM
Source of term armarc
Genre/form data or focus term Novela histórica
700 1# - ADDED ENTRY--PERSONAL NAME
Personal name Gutierrez Cavada, Carlos,
Relator term traductor
942 ## - ADDED ENTRY ELEMENTS (KOHA)
Source of classification or shelving scheme Dewey Decimal Classification
Koha item type Libro
Classification part 823.8
Item part H14
Existencias
Withdrawn status Lost status Source of classification or shelving scheme Damaged status Not for loan Collection code Home library Current library Shelving location Date acquired Source of acquisition Total Checkouts Full call number Barcode Date last seen Price effective from Koha item type
    Dewey Decimal Classification     General Centro de Estudios Guadalupanos Centro de Estudios Guadalupanos Sala general 23/09/2014   823.8 H14 1957 92459 05/01/2026 10/10/2014 Libro